Romanian Famous People - Statistics

General Stats
  • This quiz has been taken 110 times
  • The average score is 9 of 12
Answer Stats
Picture Answer % Correct
Delia
96%
Smiley
92%
Inna
87%
Antonia
84%
Connect-R
84%
Irina Rimes
79%
CRBL
74%
Alina Eremia
72%
Dan Bittman
61%
Marius Moga
61%
Lidia Buble
55%
Alexandra Ungureanu
22%
No matching quizzes found
Score Distribution
Percent of People with Each Score
Percentile by Number Answered
Your Score History
You have not taken this quiz